000 00510nam a22001697a 4500
010 _aENG-120706
020 _a9788184981018
_c140.00
035 _aEN-104238
037 _bDBAD/PUB
082 _aN
100 _aRahator, Marya
245 _aThe fountain's magic :
_cby Marya Rahator
_bmagical metamorphosis of an indian woman /
260 _aPune
_bMehta Publishing House
_c2011
270 _a1941 Sadashiv Peth, Madiwale Colony,
_bPune
_e411030
300 _a116p.
_b20cm(pbk).
942 _2ddc
_cEN
_hN
_mRAH
999 _c144918
_d144918